| 000 | 00362nam a2200133Ia 4500 | ||
|---|---|---|---|
| 008 | 240624s9999 xx 000 0 und d | ||
| 041 | _aeng | ||
| 082 | _a300.72 CZA | ||
| 100 | _aCZARNIAWSKA BARBARA | ||
| 245 | _aSOCIAL SCIENCE RESEARCH FROM FIELD TO DE | ||
| 260 |
_c2014 _aLondon _bSage International |
||
| 300 | _ax, : 175 : p. : cm. ; 24 | ||
| 365 |
_cGBP _b38 |
||
| 999 |
_c23287 _d23287 |
||